=LDR 00000nam 2200000 4500 =001 NUTBA000000000002361 =005 20221005083026 =035 ##$$a 0010-061400000000304 =008 221005################g##########0#ind## =020 ##$$a 978-602-221-085-6 =040 ##$$a NBPDMAT =082 ##$$a 395 =090 ##$$a 395 $b Pin e =100 ##$$a Pinandita Nur Amalia =245 1#$$a Etika pergaulan (sebuah buku pegangan) /$c Pinandita Nur Amalia ; editor, Choiruddin Syalam =260 ##$$a Jakarta :$b Gading Inti Prima,$c 2012 =300 ##$$a vi, 97 hlm. : $b ilus. ; $c 25 x 18 cm. =650 #4$$a Etiket (Pergaulan) =700 #$$a Choiruddin Syalam =850 ##$$a NBPDMAT =084 ##$$a 395 PIN e =504 ##$$a Bibliografi : hlm. 97 =990 ##$$a 21402497 =990 ##$$a 21402498 =990 ##$$a 21402499 =990 ##$$a 21402500 =990 ##$$a 21402501